000 00345 a2200157 4500
001 47756
020 _a9788583921035
040 _cAnchieta - Aquarius
100 _aKupstas, Marcia
240 1 0 _aO misterioso baú da vovô
_lpor
245 1 0 _aO misterioso baú da vovô
300 _a78
362 0 _a2017
650 4 _aRomance
942 _cBK
999 _c47756
_d47756